Chicago Buildings - Statistics

General Stats
  • This quiz has been taken 16 times
  • The average score is 9 of 119
Answer Stats
Buildings % Correct
Sears Tower
91%
Trump Tower
82%
John Hancock Center
73%
Aon Center
64%
Tribune Tower
45%
Wrigley Building
45%
Chicago Water Tower
36%
Water Tower Place
36%
30 North LaSalle
27%
Prudential Building
27%
111 South Wacker
18%
333 Wacker Drive
18%
900 North Michigan
18%
Aqua
18%
Chase Tower
18%
CNA Plaza
18%
Franklin Center
18%
Lake Point Tower
18%
Union Station
18%
1000 Lake Shore Plaza
9%
300 North LaSalle
9%
311 South Wacker
9%
330 North Wabash
9%
35 East Wacker
9%
55 East Erie
9%
Chicago City Hall
9%
Chicago Temple Building
9%
Chicago Theater
9%
Heller International Tower
9%
James R. Thompson Center
9%
LaSalle-Wacker Building
9%
Leo Burnett Company HQ
9%
Marina City
9%
Merchandise Mart
9%
One Museum Park
9%
Park Tower
9%
Two Prudential Plaza
9%
120 North LaSalle
0%
155 North Wacker
0%
181 West Madison
0%
190 South La Salle
0%
191 N Wacker
0%
225 West Wacker
0%
321 North Clark
0%
340 on the Park
0%
353 North Clark
0%
400 East Ohio
0%
400 North LaSalle
0%
600 North Lake Shore
0%
75 E. Wacker Drive
0%
919 North Michigan
0%
Allerton Hotel
0%
Auditorium Building
0%
Blue Cross-Blue Shield Building
0%
Boeing International HQ
0%
Carbide and Carbon building
0%
Carson Pirie Scott Company Department Store
0%
Central Office Building
0%
Chicago Board of Trade Building
0%
Chicago Hilton and Towers
0%
Chicago Mercantile Exchange
0%
Chicago Metropolitan Correctional Center
0%
Chicago Place
0%
Citadel Center
0%
Citigroup Center
0%
City Place
0%
Civic Opera Building
0%
Daley Center
0%
Dearborn Station
0%
Grand Plaza Apartments
0%
Harbor Point
0%
Harold Washington Library Center
0%
Heritage at Millennium Park
0%
Hotel InterContinental
0%
Huron Plaza
0%
Hyatt Center
0%
Kluczynski Building
0%
LaSalle Bank Building
0%
Legacy at Millennium Park
0%
Madison Plaza
0%
Metropolitan Tower
0%
Michigan Plaza
0%
Mid Continental Plaza
0%
Millennium Centre
0%
Museum Tower
0%
NBC Tower
0%
North Harbor Tower
0%
North Pier Apartment Tower
0%
Olympia Center
0%
One Financial Place
0%
One Magnificent Mile
0%
One North Franklin
0%
One North LaSalle
0%
One South Dearborn
0%
One South Wacker
0%
Onterie Center
0%
Pittsfield Building
0%
Plaza 440
0%
Presidential Towers
0%
River East Center
0%
River Plaza
0%
Roanoke Building
0%
Rookery Building
0%
Sheraton Chicago Hotel & Towers
0%
Smurfit-Stone Building
0%
Swissotel
0%
The Clare at Water Tower
0%
The Columbian
0%
The Elysian
0%
The Fordham
0%
The Parkshore
0%
The Pinnacle
0%
The Streeter
0%
Three First National Plaza
0%
Title & Trust Center
0%
UBS Tower
0%
United Building
0%
USG Building
0%
Xerox Center
0%
No matching quizzes found
Score Distribution
Percent of People with Each Score
Percentile by Number Answered
Your Score History
You have not taken this quiz